|
|
|
|
| LEADER |
01738nam a22003738i 4500 |
| 001 |
31302 |
| 003 |
BD-DhAAL |
| 005 |
20220103111230.0 |
| 008 |
160928s2016 enk b 001 0 eng |
| 999 |
|
|
|c 37595
|d 37595
|
| 010 |
|
|
|a 2015015462
|
| 020 |
|
|
|a 9781119072577 (cloth)
|
| 020 |
|
|
|a 9781119072560 (pbk.)
|
| 040 |
|
|
|a DNLM/DLC
|c DLC
|e rda
|d Bd-DhAAL
|
| 050 |
0 |
0 |
|a QH442.2
|
| 060 |
1 |
0 |
|a QU 450
|
| 082 |
0 |
0 |
|a 572.8633
|2 23
|
| 100 |
1 |
|
|a Brown, T. A.
|q (Terence A.),
|e author.
|9 20453
|
| 245 |
1 |
0 |
|a Gene cloning and DNA analysis :
|b an introduction /
|c T.A. Brown.
|
| 250 |
|
|
|a Seventh edition.
|
| 263 |
|
|
|a 1511
|
| 264 |
|
1 |
|a Chichester, West Sussex ;
|a Hoboken, NJ :
|b John Wiley & Sons Ltd,
|c 2016.
|
| 300 |
|
|
|a xix, 353 pages. ;
|c 25 cm.
|
| 504 |
|
|
|a Includes bibliographical references and index.
|
| 526 |
|
|
|a MNS
|
| 541 |
|
|
|e 31302, 31303
|
| 650 |
1 |
2 |
|a Cloning, Molecular.
|9 20454
|
| 650 |
2 |
2 |
|a DNA, Recombinant
|x analysis.
|9 20455
|
| 650 |
2 |
2 |
|a Sequence Analysis, DNA.
|9 20456
|
| 650 |
2 |
2 |
|a Pharmacy.
|9 44017
|
| 776 |
0 |
8 |
|i Online version:
|a Brown, T. A. (Terence A.), author.
|t Gene cloning and DNA analysis
|b Seventh edition.
|d Chichester, West Sussex ; Hoboken, NJ : John Wiley & Sons Ltd, 2016
|z 9781119072553
|w (DLC) 2015017733
|
| 942 |
|
|
|2 ddc
|c BK
|
| 952 |
|
|
|0 0
|1 0
|2 ddc
|4 0
|6 572_863300000000000_BRO
|7 0
|9 59594
|a BRACUL
|b BRACUL
|c GEN
|d 2016-08-18
|e Trim Education
|g 5449.00
|l 19
|m 171
|o 572.8633 BRO
|p 3010031303
|r 2026-02-02
|s 2025-10-22
|t 2
|v 5449.00
|w 2016-08-18
|y BK
|
| 952 |
|
|
|0 0
|1 0
|2 ddc
|4 0
|6 572_863300000000000_BRO
|7 0
|9 59595
|a BRACUL
|b BRACUL
|c GEN
|d 2016-08-18
|e Trim Education
|g 5449.00
|l 24
|m 218
|o 572.8633 BRO
|p 3010031302
|r 2026-03-02
|s 2026-02-05
|t 1
|v 5449.00
|w 2016-08-18
|y BK
|x Lost 5th ed. (01 copy) and this is replaced by 7th ed. (01 copy)
|